[Event "G7 Gruppe 1"]
[Site "Svendborg"]
[Date "2018.03.29"]
[Round "3"]
[White "Hollesen, Kurt"]
[Black "Steenstrup, Svend"]
[Result "0-1"]
[WhiteElo "1973"]
[BlackElo "1942"]
[PlyCount "80"]
[EventDate "2018.03.27"]
[EventType "swiss"]
[EventRounds "7"]
[EventCountry "DEN"]

1. e4 d5 2. exd5 Nf6 3. d4 Nxd5 4. c4 Nb4 5. Qa4+ N8c6 6. d5 b5 7. Qd1 Nd4 8.
Na3 e5 9. Nf3 Bg4 10. Be2 Bxf3 11. Bxf3 bxc4 12. O-O Nxf3+ 13. Qxf3 Qxd5 14.
Qxd5 Nxd5 15. Nxc4 f6 16. Re1 Nb4 17. Re2 O-O-O 18. Be3 Nc6 19. Rc1 Nd4 20.
Ree1 Bb4 21. Bd2 Nf3+ 22. gxf3 Bxd2 23. Nxd2 Rxd2 24. Rc3 Rhd8 25. Rec1 Rd1+
26. Kg2 Rxc1 27. Rxc1 Rd2 28. Rb1 Kd7 29. Kg3 Kd6 30. f4 exf4+ 31. Kxf4 Rxf2+
32. Kg3 Rd2 33. a3 a5 34. h4 Kd5 35. Kf3 Kd4 36. b4 a4 37. Kf4 Rf2+ 38. Kg3 Ra2
39. Rc1 Rxa3+ 40. Kg4 Rc3 0-1

[Event "G7 Gruppe 1"]
[Site "Svendborg"]
[Date "2018.03.29"]
[Round "3"]
[White "Ramkilde, Mikael"]
[Black "Fogh, Jens Olaf Svanholm"]
[Result "1/2-1/2"]
[WhiteElo "1931"]
[BlackElo "2052"]
[PlyCount "133"]
[EventDate "2018.03.27"]
[EventType "swiss"]
[EventRounds "7"]
[EventCountry "DEN"]

1. c4 e6 2. g3 d5 3. Bg2 Nf6 4. Nf3 Be7 5. O-O O-O 6. b3 Nbd7 7. Bb2 c6 8. Qc2
Qc7 9. d3 dxc4 10. bxc4 b6 11. Nbd2 Bb7 12. a4 a5 13. Rab1 Nc5 14. Ba3 Rfe8 15.
d4 Na6 16. c5 bxc5 17. dxc5 Nd5 18. Ne4 Nab4 19. Qb2 f5 20. Nd6 Bxd6 21. cxd6
Qxd6 22. Ne5 c5 23. Rfd1 Ba6 24. Rbc1 Rab8 25. Qa1 Bxe2 26. Rd2 Ba6 27. Bb2 Re7
28. Nc4 Qd8 29. Be5 Rc8 30. g4 Rd7 31. gxf5 exf5 32. Qb1 Bxc4 33. Rxc4 Nb6 34.
Rxd7 Qxd7 35. Rc3 c4 36. Rg3 g6 37. h4 Qe7 38. Ba1 Nxa4 39. h5 Re8 40. Re3 Qd7
41. Rxe8+ Qxe8 42. h6 Qd7 43. Bg7 Kf7 44. Bf1 Qd5 45. Qa1 Qc6 46. Bg2 Qb5 47.
Qf6+ Ke8 48. Qe6+ Kd8 49. Bf6+ Kc7 50. Be5+ Kd8 51. Qg8+ Qe8 52. Bf6+ Kd7 53.
Qxh7+ Ke6 54. Qg7 c3 55. Bxc3 Nxc3 56. Qxc3 Qd7 57. Bf1 Nd5 58. Bc4 f4 59. Qd4
Qc7 60. Qxd5+ Kf6 61. Qg8 Qd7 62. Qe6+ Qxe6 63. Bxe6 g5 64. h7 Kg7 65. Bg8 g4
66. Kg2 g3 67. fxg3 1/2-1/2

[Event "G7 Gruppe 1"]
[Site "Svendborg"]
[Date "2018.03.30"]
[Round "4"]
[White "Nielsen, Carsten Juul"]
[Black "Jensen, Morten Frank"]
[Result "0-1"]
[WhiteElo "1892"]
[BlackElo "2023"]
[PlyCount "78"]
[EventDate "2018.03.27"]
[EventType "swiss"]
[EventRounds "7"]
[EventCountry "DEN"]

1. d4 g6 2. c4 Bg7 3. Nc3 c5 4. d5 Bxc3+ 5. bxc3 f5 6. Bf4 d6 7. Nf3 Qa5 8. Qd2
Nf6 9. Qc2 Ne4 10. Rc1 Nd7 11. e3 Ndf6 12. Ng5 Nxg5 13. Bxg5 Ne4 14. Bh6 Rg8
15. h4 Bd7 16. Bd3 Nf6 17. f3 O-O-O 18. Kf2 Rde8 19. Rb1 e5 20. dxe6 Rxe6 21.
Rb2 Rge8 22. Rhb1 Bc6 23. Qc1 Nd7 24. Kg1 Ne5 25. Bf1 Nf7 26. Bf4 Qd8 27. Qe1
g5 28. hxg5 Nxg5 29. Bd3 Rg8 30. Bxf5 Nxf3+ 31. Kf1 Nxe1 32. Bxe6+ Kc7 33. Rxe1
Rg6 34. Bf5 Rf6 35. g4 Qg8 36. Rh2 Qxc4+ 37. Kg1 Rf7 38. Rh6 Rxf5 39. gxf5 Qg8+
0-1

[Event "G7 Gruppe 1"]
[Site "Svendborg"]
[Date "2018.03.30"]
[Round "4"]
[White "Jepsen, Thomas Tange"]
[Black "Hvid, Jorn Christensen"]
[Result "0-1"]
[WhiteElo "2077"]
[BlackElo "1959"]
[PlyCount "58"]
[EventDate "2018.03.27"]
[EventType "swiss"]
[EventRounds "7"]
[EventCountry "DEN"]

1. d4 c5 2. d5 Nf6 3. c4 b5 4. Nf3 Bb7 5. e3 e6 6. dxe6 fxe6 7. cxb5 Be7 8. Be2
O-O 9. O-O a6 10. Nc3 axb5 11. Nxb5 d5 12. b3 Ne4 13. Bb2 Bf6 14. Qc2 Nc6 15.
a3 Rc8 16. Nd2 Bxb2 17. Qxb2 Nf6 18. Rac1 Qe7 19. Qc3 Nd8 20. f4 Nf7 21. b4 d4
22. exd4 Nd5 23. Qb3 cxb4 24. axb4 Rxc1 25. Rxc1 Nxf4 26. Bf1 Bxg2 27. Rc7 Qg5
28. Qg3 Bxf1 29. Kxf1 Qxb5+ 0-1

[Event "G7 Gruppe 1"]
[Site "Svendborg"]
[Date "2018.03.30"]
[Round "4"]
[White "Fogh, Jens Olaf Svanholm"]
[Black "Mortensen, Henrik"]
[Result "1-0"]
[WhiteElo "2052"]
[BlackElo "1939"]
[PlyCount "45"]
[EventDate "2018.03.27"]
[EventType "swiss"]
[EventRounds "7"]
[EventCountry "DEN"]

1. d4 d5 2. e3 e6 3. Bd3 f5 4. Nh3 Nf6 5. O-O Bd6 6. f3 O-O 7. b3 e5 8. dxe5
Bxe5 9. c3 c5 10. Qc2 g6 11. f4 Bc7 12. Ng5 Ne4 13. Nf3 Qe7 14. Na3 Nc6 15. Bb2
Be6 16. Bxe4 dxe4 17. Ng5 Rad8 18. Rad1 a6 19. c4 h6 20. Nxe6 Qxe6 21. Qc3 Kf7
22. Qg7+ Ke8 23. Qxc7 1-0

[Event "G7 Gruppe 1"]
[Site "Svendborg"]
[Date "2018.03.30"]
[Round "4"]
[White "Kristensen, Peter"]
[Black "Hansen, Erik Olsgaard"]
[Result "1-0"]
[WhiteElo "2010"]
[BlackElo "1952"]
[PlyCount "113"]
[EventDate "2018.03.27"]
[EventType "swiss"]
[EventRounds "7"]
[EventCountry "DEN"]

1. e4 Nf6 2. e5 Nd5 3. d4 d6 4. exd6 exd6 5. c4 Nb6 6. Nc3 Be7 7. Be3 Bf5 8.
Bd3 Bxd3 9. Qxd3 Nc6 10. b3 O-O 11. Nge2 Re8 12. d5 Ne5 13. Qd2 Ng4 14. Bf4 Bf6
15. O-O Be5 16. h3 Bxf4 17. Qxf4 Ne5 18. Nd4 Nbd7 19. Ne4 Ng6 20. Qf5 Re5 21.
Qg4 h5 22. Qf3 Qh4 23. Rae1 Rae8 24. g3 Qd8 25. h4 Nxh4 26. gxh4 Qxh4 27. Nf5
Qg4+ 28. Qxg4 hxg4 29. Nfg3 f5 30. Nxf5 Rxe4 31. Rxe4 Rxe4 32. Ng3 Rf4 33. Re1
Ne5 34. Re3 Nf3+ 35. Kg2 Kf7 36. Ne2 Rf6 37. Kg3 Ne5 38. Nd4 Rh6 39. Nb5 Rh3+
40. Kg2 Rxe3 41. fxe3 Nd3 42. Nxc7 Nc1 43. Nb5 Ke7 44. Nxa7 Nxa2 45. Nb5 Nc1
46. Nd4 g6 47. Kg3 Kd7 48. Kxg4 Nd3 49. Kg5 Ne5 50. e4 Kc7 51. Ne6+ Kc8 52. Kf6
Kd7 53. Nf8+ Kc7 54. Nxg6 Nd7+ 55. Ke7 Nc5 56. e5 dxe5 57. d6+ 1-0

[Event "G7 Gruppe 1"]
[Site "Svendborg"]
[Date "2018.03.30"]
[Round "4"]
[White "Larsen, Ulrik"]
[Black "Nord, Michael"]
[Result "0-1"]
[WhiteElo "1951"]
[BlackElo "2042"]
[PlyCount "60"]
[EventDate "2018.03.27"]
[EventType "swiss"]
[EventRounds "7"]
[EventCountry "DEN"]

1. e4 e6 2. d4 d5 3. Nd2 Nc6 4. Ngf3 Nf6 5. e5 Nd7 6. Nb3 a5 7. a4 b6 8. Bb5
Na7 9. Bd3 c5 10. c4 Bb7 11. Ng5 Be7 12. Qh5 Bxg5 13. Bxg5 Qc7 14. O-O Nc8 15.
Rfe1 Nf8 16. Rac1 Ng6 17. dxc5 O-O 18. c6 Ba6 19. Nd4 dxc4 20. Bxc4 Bxc4 21.
Rxc4 Na7 22. Rc3 Rfe8 23. Rd1 Qxe5 24. Nf3 Qe4 25. c7 Qxa4 26. Rcd3 Nb5 27. Rc1
Rac8 28. Rd7 Rxc7 29. Rcxc7 Nxc7 30. Ne5 Nd5 0-1

[Event "G7 Gruppe 1"]
[Site "Svendborg"]
[Date "2018.03.30"]
[Round "4"]
[White "Steenstrup, Svend"]
[Black "Ramkilde, Mikael"]
[Result "1/2-1/2"]
[WhiteElo "1942"]
[BlackElo "1931"]
[PlyCount "23"]
[EventDate "2018.03.27"]
[EventType "swiss"]
[EventRounds "7"]
[EventCountry "DEN"]

1. c4 e5 2. Nc3 Nf6 3. Nf3 Nc6 4. d4 exd4 5. Nxd4 Bb4 6. Bg5 h6 7. Bh4 d6 8. a3
Bxc3+ 9. bxc3 g5 10. Bg3 Ne5 11. f3 Bd7 12. Rb1 1/2-1/2

[Event "G7 Gruppe 1"]
[Site "Svendborg"]
[Date "2018.03.30"]
[Round "4"]
[White "Hollesen, Kurt"]
[Black "Olsen, Bjorn"]
[Result "1/2-1/2"]
[WhiteElo "1973"]
[BlackElo "1855"]
[PlyCount "35"]
[EventDate "2018.03.27"]
[EventType "swiss"]
[EventRounds "7"]
[EventCountry "DEN"]

1. c4 c6 2. Nc3 d5 3. cxd5 cxd5 4. d4 Nf6 5. Bf4 Nc6 6. e3 a6 7. h3 g6 8. Nf3
Bg7 9. a3 O-O 10. Bd3 Bf5 11. Bxf5 gxf5 12. Ne5 e6 13. O-O Ne7 14. f3 Rc8 15.
g4 Ng6 16. Bh2 Ne8 17. Nxg6 fxg6 18. Qe2 1/2-1/2

[Event "G7 Gruppe 1"]
[Site "Svendborg"]
[Date "2018.03.30"]
[Round "4"]
[White "Poulsen, Peter Risgaard"]
[Black "Christensen, Jacob Foged"]
[Result "1-0"]
[WhiteElo "1934"]
[BlackElo "1945"]
[PlyCount "55"]
[EventDate "2018.03.27"]
[EventType "swiss"]
[EventRounds "7"]
[EventCountry "DEN"]

1. d4 Nf6 2. Bf4 d5 3. e3 Nbd7 4. Bd3 e6 5. c3 Be7 6. Nd2 b6 7. Ngf3 a6 8. Ne5
Nxe5 9. dxe5 Nd7 10. Bc2 Bb7 11. Qg4 g5 12. Qh5 gxf4 13. exf4 Bf8 14. O-O-O Qe7
15. f5 exf5 16. e6 Nf6 17. exf7+ Kd8 18. Qxf5 Bh6 19. Kb1 Bc8 20. Qd3 Bxd2 21.
Qxd2 Qxf7 22. c4 Be6 23. cxd5 Nxd5 24. Qg5+ Kc8 25. Rhe1 c6 26. Rxe6 Rg8 27.
Qe5 Kb7 28. Rxd5 1-0

[Event "G7 Gruppe 1"]
[Site "Svendborg"]
[Date "2018.03.30"]
[Round "4"]
[White "Gregor, Bjarke"]
[Black "Molvig, Henrik"]
[Result "0-1"]
[WhiteElo "1914"]
[BlackElo "2092"]
[PlyCount "48"]
[EventDate "2018.03.27"]
[EventType "swiss"]
[EventRounds "7"]
[EventCountry "DEN"]

1. e4 c5 2. Nf3 d6 3. d4 cxd4 4. Nxd4 Nf6 5. Nc3 a6 6. Bg5 e6 7. f4 Nbd7 8. Qf3
Qc7 9. O-O-O Be7 10. Bd3 h6 11. Qh3 Rg8 12. Bxf6 Nxf6 13. Rhe1 e5 14. Nf5 g6
15. Nd5 Nxd5 16. exd5 Bxf5 17. Bxf5 gxf5 18. fxe5 O-O-O 19. Qxf5+ Kb8 20. e6
fxe6 21. Rxe6 Rxg2 22. Rde1 Bg5+ 23. Kb1 Rc8 24. c3 Qb6 0-1

[Event "G7 Gruppe 1"]
[Site "Svendborg"]
[Date "2018.03.31"]
[Round "5"]
[White "Jepsen, Thomas Tange"]
[Black "Hollesen, Kurt"]
[Result "1-0"]
[WhiteElo "2077"]
[BlackElo "1973"]
[PlyCount "65"]
[EventDate "2018.03.27"]
[EventType "swiss"]
[EventRounds "7"]
[EventCountry "DEN"]

1. d4 d5 2. c4 e6 3. Nc3 f5 4. Nf3 Nf6 5. Bf4 c6 6. e3 Bd6 7. c5 Bc7 8. Bd3 O-O
9. O-O Nbd7 10. Qc2 Ne4 11. b4 a6 12. a4 h6 13. h4 Re8 14. Qb2 e5 15. dxe5 Nxe5
16. Bxe5 Bxe5 17. Nxe5 Rxe5 18. Nxe4 Rxe4 19. Bxe4 fxe4 20. g3 Bg4 21. b5 Bf3
22. Qe5 Qd7 23. Kh2 Rf8 24. bxc6 bxc6 25. Rfb1 Be2 26. Rb8 Qf7 27. Rxf8+ Qxf8
28. Qf4 Qxc5 29. Rb1 Qe7 30. Rb8+ Kh7 31. Qf5+ g6 32. Qc8 Qg7 33. Rb7 1-0

[Event "G7 Gruppe 1"]
[Site "Svendborg"]
[Date "2018.03.31"]
[Round "5"]
[White "Molvig, Henrik"]
[Black "Larsen, Ulrik"]
[Result "1-0"]
[WhiteElo "2092"]
[BlackElo "1951"]
[PlyCount "41"]
[EventDate "2018.03.27"]
[EventType "swiss"]
[EventRounds "7"]
[EventCountry "DEN"]

1. d4 Nf6 2. c4 c5 3. d5 e6 4. Nc3 exd5 5. cxd5 d6 6. e4 g6 7. f4 Bg7 8. Bb5+
Nbd7 9. e5 dxe5 10. fxe5 Nh5 11. e6 fxe6 12. dxe6 Qh4+ 13. g3 Nxg3 14. exd7+
Ke7 15. dxc8=N+ Rhxc8 16. Qd7+ Kf8 17. Qd6+ Kg8 18. Qxg3 Bxc3+ 19. bxc3 Qe4+
20. Qe3 Qxh1 21. Qe6+ 1-0

[Event "G7 Gruppe 1"]
[Site "Svendborg"]
[Date "2018.03.31"]
[Round "5"]
[White "Nord, Michael"]
[Black "Kristensen, Peter"]
[Result "1-0"]
[WhiteElo "2042"]
[BlackElo "2010"]
[PlyCount "57"]
[EventDate "2018.03.27"]
[EventType "swiss"]
[EventRounds "7"]
[EventCountry "DEN"]

1. e4 e5 2. Nf3 Nc6 3. Bc4 Bc5 4. c3 Nf6 5. d3 a6 6. Bb3 d6 7. h3 h6 8. Nbd2
Ba7 9. Nf1 d5 10. Qe2 dxe4 11. dxe4 Qe7 12. g4 Be6 13. Ng3 g6 14. Be3 Bxe3 15.
Qxe3 Na5 16. Bxe6 Qxe6 17. b3 O-O-O 18. O-O Nc6 19. Rfd1 Rxd1+ 20. Rxd1 h5 21.
g5 h4 22. Ne2 Nh5 23. Kg2 Ng7 24. Nh2 Qe7 25. Ng4 Ne6 26. Nf6 Nb8 27. Rd5 Nxg5
28. Qxg5 Rh5 29. Qg4+ 1-0

[Event "G7 Gruppe 1"]
[Site "Svendborg"]
[Date "2018.03.31"]
[Round "5"]
[White "Hvid, Jorn Christensen"]
[Black "Fogh, Jens Olaf Svanholm"]
[Result "1-0"]
[WhiteElo "1959"]
[BlackElo "2052"]
[PlyCount "89"]
[EventDate "2018.03.27"]
[EventType "swiss"]
[EventRounds "7"]
[EventCountry "DEN"]

1. d4 d5 2. Bf4 e6 3. Nf3 Be7 4. h3 Nf6 5. e3 O-O 6. Bd3 b6 7. Nbd2 Ba6 8. Qe2
Bxd3 9. Qxd3 c5 10. c3 Nc6 11. O-O Nd7 12. e4 dxe4 13. Qxe4 Rc8 14. Ne5 Ndb8
15. Nxc6 Nxc6 16. dxc5 bxc5 17. Rfd1 Qd5 18. Qxd5 exd5 19. Nf3 Rfd8 20. Rac1 h6
21. Ne5 Na5 22. b3 c4 23. b4 Nb7 24. Be3 a6 25. Rd2 Bf6 26. Ng4 Rc6 27. Bd4 Bg5
28. Be3 Bf6 29. Nxf6+ Rxf6 30. Rcd1 Rfd6 31. a4 f6 32. a5 Kf7 33. Bb6 R8d7 34.
Re2 Re6 35. Rxe6 Kxe6 36. b5 Nd6 37. bxa6 Nc8 38. Rb1 Kd6 39. Be3 Kc6 40. Rb8
Kc7 41. Bf4+ Kd8 42. Be3 Kc7 43. Rb7+ Kc6 44. Rxd7 Kxd7 45. a7 1-0

[Event "G7 Gruppe 1"]
[Site "Svendborg"]
[Date "2018.03.31"]
[Round "5"]
[White "Mortensen, Henrik"]
[Black "Hansen, Erik Olsgaard"]
[Result "1/2-1/2"]
[WhiteElo "1939"]
[BlackElo "1952"]
[PlyCount "23"]
[EventDate "2018.03.27"]
[EventType "swiss"]
[EventRounds "7"]
[EventCountry "DEN"]

1. Nf3 d5 2. b3 Nf6 3. Bb2 g6 4. Bxf6 exf6 5. g3 Bg7 6. Bg2 f5 7. d4 Nd7 8. O-O
O-O 9. e3 c6 10. c4 Nf6 11. Nc3 Be6 12. cxd5 1/2-1/2

[Event "G7 Gruppe 1"]
[Site "Svendborg"]
[Date "2018.03.31"]
[Round "5"]
[White "Jensen, Morten Frank"]
[Black "Steenstrup, Svend"]
[Result "1-0"]
[WhiteElo "2023"]
[BlackElo "1942"]
[PlyCount "87"]
[EventDate "2018.03.27"]
[EventType "swiss"]
[EventRounds "7"]
[EventCountry "DEN"]

1. g3 e5 2. Bg2 d5 3. c4 c6 4. cxd5 cxd5 5. Nf3 e4 6. Nd4 Qb6 7. Nb3 a5 8. d3
Bb4+ 9. Bd2 a4 10. Bxb4 Qxb4+ 11. Qd2 Nc6 12. Nc1 Nf6 13. dxe4 Nxe4 14. Qxb4
Nxb4 15. Na3 O-O 16. O-O Be6 17. Rd1 Rac8 18. Nd3 Nc2 19. Rac1 Nxa3 20. bxa3
Nc3 21. Rd2 Bf5 22. Re1 Rfe8 23. Nb4 h5 24. h4 Bg4 25. f3 Be6 26. Kf2 Red8 27.
e3 Nb5 28. Nc2 Rc3 29. Rb1 d4 30. Nxd4 Nxd4 31. exd4 Bd5 32. f4 Bxg2 33. Kxg2
Rd7 34. Re1 f6 35. Kf2 Rxa3 36. Re3 Rxe3 37. Kxe3 b5 38. Rb2 Rb7 39. d5 Kf7 40.
Kd4 b4 41. Kc4 b3 42. axb3 axb3 43. Rxb3 Ke7 44. Rxb7+ 1-0

[Event "G7 Gruppe 1"]
[Site "Svendborg"]
[Date "2018.03.31"]
[Round "5"]
[White "Christensen, Jacob Foged"]
[Black "Olsen, Bjorn"]
[Result "1-0"]
[WhiteElo "1945"]
[BlackElo "1855"]
[PlyCount "101"]
[EventDate "2018.03.27"]
[EventType "swiss"]
[EventRounds "7"]
[EventCountry "DEN"]

1. d4 Nf6 2. Nf3 e6 3. c3 c5 4. Bg5 Be7 5. e3 O-O 6. Bd3 h6 7. Bxf6 Bxf6 8. e4
cxd4 9. e5 Be7 10. cxd4 Nc6 11. Nc3 d6 12. O-O Nb4 13. Bc4 d5 14. Bb3 f5 15.
Qd2 Bd7 16. Rac1 a6 17. a3 Nc6 18. Rfd1 Be8 19. Ne2 Bh5 20. Rc2 g5 21. Ne1 f4
22. Rdc1 Bxe2 23. Qxe2 Nxd4 24. Qd3 Nxc2 25. Qg6+ Kh8 26. Bxc2 Rf5 27. Qxh6+
Kg8 28. Qxe6+ Rf7 29. Bg6 Qf8 30. Rc7 Re8 31. Qxd5 Kg7 32. Qxf7+ Qxf7 33. Bxf7
Kxf7 34. Rxb7 Ke6 35. Rb6+ Kxe5 36. Rxa6 Kf5 37. Kf1 Bf6 38. Ra5+ Kg6 39. Rb5
Rc8 40. h3 Rc1 41. Ke2 Rb1 42. Nd3 Rg1 43. Ne1 Kh5 44. a4 f3+ 45. Nxf3 Ra1 46.
h4 Rxa4 47. hxg5 Bg7 48. b3 Ra2+ 49. Ke3 Rc2 50. Rb6 Bf8 51. Kf4 1-0

[Event "G7 Gruppe 1"]
[Site "Svendborg"]
[Date "2018.03.31"]
[Round "5"]
[White "Ramkilde, Mikael"]
[Black "Poulsen, Peter Risgaard"]
[Result "1-0"]
[WhiteElo "1931"]
[BlackElo "1934"]
[PlyCount "69"]
[EventDate "2018.03.27"]
[EventType "swiss"]
[EventRounds "7"]
[EventCountry "DEN"]

1. Nf3 g6 2. e4 Bg7 3. d4 d6 4. Nc3 Bg4 5. Be2 Nc6 6. Be3 e5 7. d5 Nce7 8. h3
Bxf3 9. Bxf3 Qd7 10. Be2 f5 11. f3 f4 12. Bf2 a6 13. Qd2 Nf6 14. O-O-O O-O 15.
Kb1 b5 16. Bf1 b4 17. Ne2 a5 18. g3 g5 19. gxf4 gxf4 20. h4 Rfb8 21. Bh3 Qb5
22. Be6+ Kh8 23. h5 h6 24. Rdg1 b3 25. cxb3 a4 26. Nc3 Qb4 27. Bh4 axb3 28. a3
Qc4 29. Rh2 Nc6 30. Rhg2 Nd4 31. Rxg7 Nxf3 32. Bxf6 Nxd2+ 33. Kc1 Qf1+ 34. Rxf1
Nxf1 35. Rg4+ 1-0

[Event "G7 Gruppe 1"]
[Site "Svendborg"]
[Date "2018.03.31"]
[Round "5"]
[White "Gregor, Bjarke"]
[Black "Nielsen, Carsten Juul"]
[Result "0-1"]
[WhiteElo "1914"]
[BlackElo "1892"]
[PlyCount "30"]
[EventDate "2018.03.27"]
[EventType "swiss"]
[EventRounds "7"]
[EventCountry "DEN"]

1. e4 e5 2. Nf3 Nc6 3. Bc4 Nf6 4. Ng5 d5 5. exd5 Nd4 6. d6 Qxd6 7. Nc3 Qc6 8.
Bxf7+ Ke7 9. O-O h6 10. Nge4 Kxf7 11. Nxf6 gxf6 12. Qh5+ Ke7 13. d3 Rg8 14. Ne4
Bg4 15. Qh4 Nf5 0-1

[Event "G7 Gruppe 1"]
[Site "Svendborg"]
[Date "2018.04.01"]
[Round "6"]
[White "Nielsen, Carsten Juul"]
[Black "Ramkilde, Mikael"]
[Result "0-1"]
[WhiteElo "1892"]
[BlackElo "1931"]
[PlyCount "68"]
[EventDate "2018.03.27"]
[EventType "swiss"]
[EventRounds "7"]
[EventCountry "DEN"]

1. d4 Nf6 2. c4 g6 3. Nc3 Bg7 4. e4 d6 5. Bd3 Nc6 6. Nge2 e5 7. d5 Ne7 8. f3
O-O 9. Be3 c5 10. Qd2 a6 11. a3 Nd7 12. b4 f5 13. Na4 f4 14. Bf2 b6 15. bxc5
bxc5 16. Rb1 g5 17. Bc2 h5 18. Nac3 Ng6 19. Ba4 g4 20. Bc6 Ra7 21. a4 Nh4 22.
Bxh4 Qxh4+ 23. Kf1 gxf3 24. gxf3 Nf6 25. Ng1 Ng4 26. fxg4 hxg4 27. Qg2 f3 28.
Qf2 Qg5 29. Nd1 Bh6 30. Qe1 Rh7 31. Nf2 g3 32. hxg3 Qxg3 33. Nxf3 Rxf3 34. Rb8
Rhf7 0-1

[Event "G7 Gruppe 1"]
[Site "Svendborg"]
[Date "2018.04.01"]
[Round "6"]
[White "Hansen, Erik Olsgaard"]
[Black "Gregor, Bjarke"]
[Result "1/2-1/2"]
[WhiteElo "1952"]
[BlackElo "1914"]
[PlyCount "33"]
[EventDate "2018.03.27"]
[EventType "swiss"]
[EventRounds "7"]
[EventCountry "DEN"]

1. b3 e5 2. Bb2 d6 3. e3 Nf6 4. d4 exd4 5. Qxd4 Bd7 6. Nf3 Nc6 7. Qd1 Be7 8. c4
Bf5 9. Nd4 Nxd4 10. exd4 d5 11. c5 O-O 12. Bd3 Qd7 13. O-O Rae8 14. Qc2 Bxd3
15. Qxd3 Bd8 16. Nd2 c6 17. Rfe1 1/2-1/2

[Event "G7 Gruppe 1"]
[Site "Svendborg"]
[Date "2018.04.01"]
[Round "6"]
[White "Molvig, Henrik"]
[Black "Nord, Michael"]
[Result "1/2-1/2"]
[WhiteElo "2092"]
[BlackElo "2042"]
[PlyCount "22"]
[EventDate "2018.03.27"]
[EventType "swiss"]
[EventRounds "7"]
[EventCountry "DEN"]

1. d4 d5 2. c4 Nc6 3. cxd5 Qxd5 4. e3 e5 5. Nc3 Bb4 6. Bd2 Bxc3 7. Bxc3 exd4 8.
Ne2 Nf6 9. Nxd4 O-O 10. Nxc6 Qxc6 11. Rc1 Bf5 1/2-1/2

[Event "G7 Gruppe 1"]
[Site "Svendborg"]
[Date "2018.04.01"]
[Round "6"]
[White "Fogh, Jens Olaf Svanholm"]
[Black "Jepsen, Thomas Tange"]
[Result "1/2-1/2"]
[WhiteElo "2052"]
[BlackElo "2077"]
[PlyCount "150"]
[EventDate "2018.03.27"]
[EventType "swiss"]
[EventRounds "7"]
[EventCountry "DEN"]

1. d4 d5 2. Nf3 Nf6 3. e3 Bf5 4. Be2 e6 5. O-O Bd6 6. Nbd2 Nbd7 7. b3 c6 8. Bb2
Ne4 9. Re1 Ndf6 10. Ne5 Bb4 11. Nxe4 Bxe1 12. Ng5 Bxf2+ 13. Kxf2 Ne4+ 14. Nxe4
Bxe4 15. Nf3 Qf6 16. Kg1 Qh6 17. Qd2 f6 18. Rf1 O-O 19. Bd3 Rad8 20. Qe2 Bf5
21. Nd2 Bxd3 22. Qxd3 Rfe8 23. Nf3 Qh5 24. a4 e5 25. dxe5 fxe5 26. e4 Kh8 27.
Ba3 Qg4 28. Re1 Re6 29. Qe2 Rde8 30. c4 dxc4 31. bxc4 h6 32. Rd1 Rf6 33. Rd2
Rf4 34. h3 Qg6 35. Rd7 Qxe4 36. Qxe4 Rxe4 37. Bb2 Re2 38. Rxb7 e4 39. Bxg7+ Kg8
40. Nh4 e3 41. Bxh6 Re1+ 42. Kh2 Re6 43. Rg7+ Kf8 44. Rg6+ Kf7 45. Rxe6 Kxe6
46. Nf3 Rc1 47. Bxe3 Rxc4 48. Bxa7 Rxa4 49. Be3 Ra3 50. Bd2 c5 51. h4 c4 52.
Nd4+ Ke5 53. Nf3+ Ke4 54. Bb4 Ra4 55. Be1 Kd3 56. h5 c3 57. Kh3 c2 58. Bd2 Ra1
59. h6 Rh1+ 60. Kg4 Ke2 61. Bf4 Kf2 62. g3 c1=Q 63. Bxc1 Rxc1 64. h7 Rc4+ 65.
Kh5 Rc8 66. g4 Kxf3 67. g5 Kf4 68. g6 Kf5 69. g7 Rc1 70. Kh4 Kf4 71. Kh3 Kf3
72. Kh2 Rc2+ 73. Kh1 Rc1+ 74. Kh2 Rc2+ 75. Kh3 Rc1 1/2-1/2

[Event "G7 Gruppe 1"]
[Site "Svendborg"]
[Date "2018.04.01"]
[Round "6"]
[White "Kristensen, Peter"]
[Black "Jensen, Morten Frank"]
[Result "1/2-1/2"]
[WhiteElo "2010"]
[BlackElo "2023"]
[PlyCount "112"]
[EventDate "2018.03.27"]
[EventType "swiss"]
[EventRounds "7"]
[EventCountry "DEN"]

1. e4 d5 2. exd5 Qxd5 3. Nc3 Qd6 4. g3 Nf6 5. Bg2 e5 6. Qe2 Nc6 7. Nf3 Bg4 8.
Nb5 Qe7 9. h3 Bf5 10. O-O a6 11. Na3 O-O-O 12. Re1 e4 13. Nh4 Nd4 14. Qe3 Qd7
15. c3 Nc6 16. Nxf5 Qxf5 17. g4 Qd7 18. g5 Nd5 19. Qxe4 Bxa3 20. Bf3 Rhe8 21.
Bg4 Rxe4 22. Bxd7+ Kxd7 23. Rxe4 Bd6 24. d4 f5 25. Rh4 Rh8 26. c4 Nde7 27. c5
Ng6 28. d5 Nce5 29. Rb4 Bxc5 30. Rxb7 Bb6 31. Be3 Kc8 32. Rxb6 cxb6 33. Rc1+
Kb7 34. f4 Nd7 35. Rc6 Rc8 36. Re6 Nc5 37. Rd6 Rc7 38. b4 Na4 39. Kf2 Rc2+ 40.
Kg3 Kc7 41. Re6 Rxa2 42. h4 Kd7 43. h5 Ne7 44. h6 g6 45. Bd4 Ra3+ 46. Kh2 Nc3
47. Rxb6 Ncxd5 48. Rb7+ Kc8 49. Ra7 Ra2+ 50. Kg3 Ra3+ 51. Kh2 Kb8 52. Rd7 Kc8
53. Ra7 Kb8 54. Rd7 Ra2+ 55. Kg3 Kc8 56. Ra7 Ra3+ 1/2-1/2

[Event "G7 Gruppe 1"]
[Site "Svendborg"]
[Date "2018.04.01"]
[Round "6"]
[White "Hvid, Jorn Christensen"]
[Black "Larsen, Ulrik"]
[Result "0-1"]
[WhiteElo "1959"]
[BlackElo "1951"]
[PlyCount "68"]
[EventDate "2018.03.27"]
[EventType "swiss"]
[EventRounds "7"]
[EventCountry "DEN"]

1. d4 Nf6 2. g3 g6 3. Bg2 Bg7 4. e4 d6 5. Ne2 O-O 6. O-O Nbd7 7. h3 c6 8. c3 e5
9. Be3 d5 10. dxe5 Nxe5 11. exd5 Nxd5 12. Bd4 Re8 13. c4 Nb6 14. c5 Nd5 15.
Nbc3 Nxc3 16. Bxc3 Nd3 17. Bxg7 Kxg7 18. Qc2 Nxc5 19. Rad1 Qe7 20. Nd4 Ne6 21.
Nxc6 bxc6 22. Bxc6 Ba6 23. Rfe1 Rac8 24. Qa4 Rxc6 25. Qxc6 Bb7 26. Qa4 Rd8 27.
Qxa7 Ng5 28. Kf1 Bg2+ 29. Kxg2 Qxa7 30. Rxd8 Qb7+ 31. Kf1 Qh1+ 32. Ke2 Qf3+ 33.
Kd2 Qxf2+ 34. Re2 Qb6 0-1

[Event "G7 Gruppe 1"]
[Site "Svendborg"]
[Date "2018.04.01"]
[Round "6"]
[White "Olsen, Bjorn"]
[Black "Steenstrup, Svend"]
[Result "1-0"]
[WhiteElo "1855"]
[BlackElo "1942"]
[PlyCount "45"]
[EventDate "2018.03.27"]
[EventType "swiss"]
[EventRounds "7"]
[EventCountry "DEN"]

1. e4 d5 2. exd5 Qxd5 3. Nc3 Qd6 4. d4 Nf6 5. Nf3 a6 6. Be3 Nc6 7. Qd2 Bg4 8.
Be2 e5 9. O-O-O Be7 10. h3 Bh5 11. g4 Bg6 12. Nxe5 Nxe5 13. dxe5 Qxe5 14. f4
Qa5 15. f5 Bxf5 16. gxf5 Qxf5 17. Bd3 Qa5 18. Qg2 O-O-O 19. Kb1 g6 20. Bc4 Qe5
21. Bxa6 Rd5 22. Bxb7+ Kxb7 23. Nxd5 1-0

[Event "G7 Gruppe 1"]
[Site "Svendborg"]
[Date "2018.04.01"]
[Round "6"]
[White "Christensen, Jacob Foged"]
[Black "Hollesen, Kurt"]
[Result "1-0"]
[WhiteElo "1945"]
[BlackElo "1973"]
[PlyCount "57"]
[EventDate "2018.03.27"]
[EventType "swiss"]
[EventRounds "7"]
[EventCountry "DEN"]

1. d4 d5 2. Nf3 c6 3. Bf4 Bg4 4. Nbd2 Bxf3 5. Nxf3 e6 6. c3 Bd6 7. Bg3 Bxg3 8.
hxg3 Nd7 9. e3 Qc7 10. Bd3 h6 11. g4 e5 12. dxe5 Nxe5 13. g5 O-O-O 14. Be2
Nxf3+ 15. Bxf3 Qe5 16. Qd4 Qxd4 17. cxd4 Re8 18. Rc1 Kb8 19. Kd2 g6 20. Rh3 f6
21. gxf6 Nxf6 22. Rch1 Ng8 23. Be2 Rh7 24. Bd3 Rg7 25. Rg3 Re6 26. f3 h5 27.
Rxh5 Nf6 28. Rhg5 Nh5 29. Rxh5 1-0